Mathematical methods in chemical engineering (Record no. 25039)

000 -LEADER
fixed length control field 00548nam a22002051 4500
001 - CONTROL NUMBER
control field 25039
003 - CONTROL NUMBER IDENTIFIER
control field BD-DhUET
008 - FIXED-LENGTH DATA ELEMENTS--GENERAL INFORMATION
fixed length control field 730313s1963 xx 000 0 eng
040 ## - CATALOGING SOURCE
Original cataloging agency DLC
Transcribing agency OClU
Modifying agency BD-DhUET
082 ## - DEWEY DECIMAL CLASSIFICATION NUMBER
Classification number 660.28
Item number JEN/1963
100 ## - MAIN ENTRY--PERSONAL NAME
Personal name Jenson, V. G.
245 10 - TITLE STATEMENT
Title Mathematical methods in chemical engineering
250 ## - EDITION STATEMENT
Edition statement 1st ed.
260 ## - PUBLICATION, DISTRIBUTION, ETC. (IMPRINT)
Place of publication, distribution, etc. London
Name of publisher, distributor, etc. Academic Press
Date of publication, distribution, etc. 1963
300 ## - PHYSICAL DESCRIPTION
Extent xi, 556 p.
Other physical details illus.
Dimensions 24cm.
504 ## - BIBLIOGRAPHY, ETC. NOTE
Bibliography, etc Includes bibliographies
650 #0 - SUBJECT ADDED ENTRY--TOPICAL TERM
Topical term or geographic name as entry element Chemical engineering
700 ## - ADDED ENTRY--PERSONAL NAME
Personal name Jeffreys, G. V.
942 ## - ADDED ENTRY ELEMENTS (KOHA)
Koha item type General Book
Holdings
Source of classification or shelving scheme Lost status Copy number Location (home branch) Not for loan Koha item type Price effective from Damaged status Koha normalized classification for sorting Shelving location Date acquired Piece designation (barcode) Sublocation or collection (holding branch) Withdrawn status Koha full call number Koha date last seen
  1Central Library, BUET General Book2015-05-12 660_280000000000000_JEN_1963Circulation section2015-05-1222438Central Library, BUET 660.28/JEN/19632015-05-12
  2Central Library, BUET General Book2015-05-12 660_280000000000000_JEN_1963Circulation section2015-05-1222440Central Library, BUET 660.28/JEN/19632015-05-12
  3Central Library, BUET General Book2015-05-12 660_280000000000000_JEN_1963Circulation section2015-05-1222434Central Library, BUET 660.28/JEN/19632015-05-12
  4Central Library, BUET General Book2015-05-18 660_280000000000000_JEN_1963Circulation section2015-05-1822432Central Library, BUET 660.28/JEN/19632015-05-18
  5Central Library, BUET General Book2015-05-18 660_280000000000000_JEN_1963Circulation section2015-05-1822435Central Library, BUET 660.28/JEN/19632015-05-18
  6Central Library, BUET General Book2015-05-18 660_280000000000000_JEN_1963Circulation section2015-05-1829450Central Library, BUET 660.28/JEN/19632015-05-18
  7Central Library, BUET General Book2015-05-18 660_280000000000000_JEN_1963Circulation section2015-05-1829449Central Library, BUET 660.28/JEN/19632015-05-18
  8Central Library, BUET General Book2015-05-18 660_280000000000000_JEN_1963Circulation section2015-05-1829448Central Library, BUET 660.28/JEN/19632015-05-18
  9Central Library, BUET General Book2015-05-18 660_280000000000000_JEN_1963Circulation section2015-05-1829457Central Library, BUET 660.28/JEN/19632015-05-18
  10Central Library, BUET General Book2015-05-18 660_280000000000000_JEN_1963Circulation section2015-05-1829454Central Library, BUET 660.28/JEN/19632015-05-18
  11Central Library, BUET General Book2015-05-18 660_280000000000000_JEN_1963Circulation section2015-05-1829453Central Library, BUET 660.28/JEN/19632015-05-18
  12Central Library, BUET General Book2015-05-18 660_280000000000000_JEN_1963Circulation section2015-05-1829451Central Library, BUET 660.28/JEN/19632015-05-18
  13Central Library, BUET General Book2015-05-18 660_280000000000000_JEN_1963Circulation section2015-05-1822431Central Library, BUET 660.28/JEN/19632015-05-18
  14Central Library, BUET General Book2015-05-18 660_280000000000000_JEN_1963Circulation section2015-05-1829452Central Library, BUET 660.28/JEN/19632015-05-18
  15Central Library, BUET General Book2015-05-18 660_280000000000000_JEN_1963Circulation section2015-05-1822436Central Library, BUET 660.28/JEN/19632015-05-18
  16Central Library, BUET Reading Item2015-06-17 660_280000000000000_JEN_1963Reading section2015-06-1729456Central Library, BUET 660.28/JEN/19632015-06-17
  17Central Library, BUET Reading Item2015-06-18 660_280000000000000_JEN_1963Reading section2015-06-1829455.Central Library, BUET 660.28/JEN/19632015-06-18
  18Central Library, BUET Reading Item2015-07-10 660_280000000000000_JEN_1963Reading section2015-07-1022439Central Library, BUET 660.28/JEN/19632015-07-10